|
|
|
|
| LEADER |
00889nam a2200217 a 4500 |
| 001 |
12865047 |
| 008 |
090708r20012005stk b 001 0 eng d |
| 010 |
|
|
|a 2002416647
|
| 020 |
|
|
|a 8126904682 (pbk.)
|
| 040 |
|
|
|a UKM
|c UKM
|d PIT
|d C#P
|d DLC
|
| 082 |
0 |
0 |
|a 801/.95/0904
|2 21
|
| 245 |
0 |
0 |
|a Introducing literary theories :
|b a guide and glossary /
|c Julian Wolfreys.
|
| 260 |
|
|
|a Edinburgh :
|b Edinburgh University Press,
|c c2001.[reprinted 2005]
|
| 300 |
|
|
|a xii, 318 p. ;
|c 24 cm.
|
| 504 |
|
|
|a Includes bibliographical references and index.
|
| 541 |
1 |
|
|e 00014478
|
| 650 |
|
0 |
|a Criticism
|x History
|y 20th century.
|
| 700 |
1 |
|
|a Wolfreys, Julian,
|d 1958-
|
| 852 |
4 |
|
|a Ayesha Abed Library
|j General Shelf.
|
| 999 |
|
|
|c 2181
|d 2181
|
| 952 |
|
|
|0 0
|1 0
|2 ddc
|4 0
|6 801_950904000000000_INT
|7 0
|9 2009
|a BRACUL
|b BRACUL
|c GEN
|d 2009-07-08
|l 4
|m 9
|o 801.950904 INT
|p 3010014478
|q 2026-06-02
|r 2026-05-17
|s 2026-05-17
|t 1
|w 2009-07-08
|y BK
|